Protocolo para la estimación de emisiones al aire de amoniaco y sulfuro de hidrógeno producidos en una granja avícola

Uloženo v:
Podrobná bibliografie
Hlavní autor: Bolaños Campos, Asdrúbal
Médium: Kniha
Vydáno: San José, Costa Rica 2009
Témata:
Tagy: Přidat tag
Žádné tagy, Buďte první, kdo vytvoří štítek k tomuto záznamu!

MARC

LEADER 00000nam a2200000Ia 4500
003 001510
005 20221231144043.0
008 140114s2009 cr a 000 ||s d
040 |c cru CEDI  
090 |a TFG 6025 
100 |a Bolaños Campos, Asdrúbal  |9 3430 
245 |a Protocolo para la estimación de emisiones al aire de amoniaco y sulfuro de hidrógeno producidos en una granja avícola  
260 |c 2009  |b San José, Costa Rica 
500 |a Tesis (licenciatura en ingeniería química)--Universidad de Costa Rica. Facultad de Ingeniería. Escuela de Ingeniería Química, 
650 |x EMISIONES DE GASES  |x  SULFURO DE HIDROGENO   |x  AMONIACO   |x GRANJAS AVICOLAS   |x  VIGILANCIA AMBIENTAL  |x  CONTAMINACION DEL AIRE   |9 3431 
942 |c TFG 
999 |c 16203  |d 16203